000 00464nmm a2200169Ia 4500
008 251105s9999||||xx |||||||||||||||||und||
020 _a9788498958652
041 _aspa
100 _aRuiz Noguera, Francisco
245 0 _aLa gruta y la luz
264 _a[Madrid, España] :
_bVisor Libros,
_c2014
300 _a82 páginas
490 _aVisor de Poesía
650 _aSpanish poetry
856 _uhttps://public.digitaliapublishing.com/a/41544
942 _cCF
999 _c92323
_d92323